MDQL
is popping MORE tags! Check the
thread
!
Quizzes
Events
Quiz Creation
Community
Videos
Private Events
Remove Ads
Sign In
Join for FREE
Feedback
Dark Mode
Quiz Categories
Sports
Geography
Music
Movies
Television
Just For Fun
Miscellaneous
History
Literature
Language
Science
Gaming
Entertainment
Religion
Holiday
For Kids
Quiz Lab
Recent
Popular Today
Quiz Kudos Today
Editor Picks
Curator Picks
Quizzes by...
Day
Popularity
Type
Ratings
Length
Year
Community
Subscriptions
Recent Discussions
Orange Saloon
Badges
Playlists
Quests
Create
Leaderboards
Showdown
Live 5
Trivia Bingo
Activity
Puzzle Library
Sporcle Events
Private Events
Virtual Trivia
Globe League
Become a Host
Pub Owners
SporcleCon
Opinionation
Our Games
Videos
Blog
Mobile Apps
Partnerships
Remove Ads and Go Orange
Feedback
Movies
Disney
Marvel Cinematic Universe
Movie Resume
Movie Titles
Oscar
Actor
Actress
Director
Pixar
Role
Movie Quotes
Movie Characters
Box Office
Nominee
Best Picture
Star Wars
James Bond
Horror Movies
Movies
Disney
Marvel Cinematic Universe
Movie Resume
Movie Titles
Oscar
Actor
Actress
Director
Pixar
Role
Movie Quotes
Movie Characters
Box Office
Nominee
Best Picture
Star Wars
James Bond
Horror Movies
Random Quiz
Search Sporcle
×
Quiz Lab
Quiz Lab
Movies
Movie Titles
Type in answers that appear in a list
Type in answers that appear in a list
Classic
Best Score? Go Orange.
De Niro, Pacino, or Both Stats
Can you name the movies with Pacino and De Niro?
By
JaredThater
8m
120 Questions
111 Plays
111 Plays
111 Plays
Comments
Comments
Give Quiz Kudos
Give Quiz Kudos
-
- Ratings
hide this ad
More Info
Forced Order
Answers have to be entered in order
Answers have to be entered in order
Wrong Answers
Some wrong answers will appear in red
Some wrong answers will appear in red
Random Order
Randomize order of answers
Randomize order of answers
Replay
Link that replays current quiz
Next Quiz
Link to next quiz in quiz playlist
You Got
0%
They Got
Avg Score
61%
Avg Friend Score
Upgrade to see
Score Distribution
Jump to the score distribution portion of the page
Score
0/120
Timer
08:00
0
Plays Today
movie
actor
% Correct
Goodfellas
???
78.4%
Cape Fear
???
78.4%
The Untouchables
???
77.5%
Meet the Parents
???
77.5%
Jackie Brown
???
76.6%
Meet the Fockers
???
76.6%
Raging Bull
???
75.7%
Casino
???
75.7%
The Deer Hunter
???
74.8%
Sleepers
???
74.8%
Analyze This
???
74.8%
Analyze That
???
74.8%
Cop Land
???
73.9%
Little Fockers
???
73.9%
Mean Streets
???
73%
Taxi Driver
???
73%
A Bronx Tale
???
73%
Frankenstein
???
73%
Serpico
???
72.1%
The Godfather Part III
???
72.1%
Ocean's Thirteen
???
72.1%
The King of Comedy
???
72.1%
Once Upon a Time in America
???
72.1%
Ronin
???
72.1%
Men of Honor
???
72.1%
Dog Day Afternoon
???
71.2%
Scarface
???
71.2%
Carlito's Way
???
71.2%
Shark Tale
???
71.2%
The Fan
???
70.3%
Scent of a Woman
???
69.4%
The Devil's Advocate
???
69.4%
Brazil
???
69.4%
Midnight Run
???
69.4%
Awakenings
???
69.4%
New York, New York
???
68.5%
Backdraft
???
68.5%
Donnie Brasco
???
67.6%
This Boy's Life
???
67.6%
The Adventures of Rocky and Bullwinkle
???
67.6%
movie
actor
% Correct
Machete
???
67.6%
Wag the Dog
???
66.7%
The Good Shepherd
???
66.7%
Limitless
???
66.7%
Glengarry Glen Ross
???
64.9%
Mad Dog and Glory
???
64.9%
Hide and Seek
???
64.9%
The Godfather Part II
???
64%
Frankie and Johnny
???
64%
The Insider
???
64%
Any Given Sunday
???
64%
Angel Heart
???
64%
We're No Angels
???
64%
Showtime
???
64%
Bang the Drum Slowly
???
63.1%
Stardust
???
63.1%
The Godfather
???
62.2%
Heat
???
62.2%
The Mission
???
62.2%
Sea of Love
???
61.3%
Marvin's Room
???
61.3%
Dick Tracy
???
60.4%
Insomnia
???
60.4%
S1m0ne
???
60.4%
The Recruit
???
60.4%
1900
???
60.4%
Jacknife
???
60.4%
New Year's Eve
???
60.4%
Godsend
???
59.5%
City Hall
???
58.6%
Gigli
???
58.6%
The Merchant of Venice
???
58.6%
Stanley and Iris
???
58.6%
Night and the City
???
58.6%
Stone
???
58.6%
Scarecrow
???
57.7%
Great Expectations
???
57.7%
Flawless
???
57.7%
Righteous Kill
???
56.8%
The Score
???
56.8%
movie
actor
% Correct
Cruising
???
55.9%
Author! Author!
???
55.9%
The Panic in Needle Park
???
55%
...And Justice For All
???
55%
88 Minutes
???
55%
The Last Tycoon
???
55%
What Just Happened
???
55%
Everybody's Fine
???
55%
Two for the Money
???
54.1%
Guilty by Suspicion
???
54.1%
Killer Elite
???
54.1%
People I Know
???
53.2%
Greetings
???
53.2%
The Wedding Party
???
53.2%
The Gang That Couldn't Shoot Straight
???
53.2%
Hi, Mom!
???
52.3%
15 Minutes
???
52.3%
Revolution
???
51.4%
Bloody Mama
???
51.4%
City by the Sea
???
51.4%
Born to Win
???
50.5%
True Confessions
???
50.5%
Bobby Deerfield
???
49.5%
The Son of No One
???
49.5%
Falling in Love
???
49.5%
Three Rooms in Manhattan
???
48.6%
Sam's Song
???
48.6%
Mistress
???
48.6%
Arthur and the Invisibles
???
48.6%
Two Bits
???
47.7%
The Bridge of San Luis Rey
???
47.7%
The Local Stigmatic
???
46.8%
Chinese Coffee
???
46.8%
Me, Natalie
???
45.9%
Jennifer on My Mind
???
43.2%
Les cent et une nuits de Simon Cinéma
???
43.2%
Being Flynn
???
43.2%
Encounter
???
42.3%
Red Lights
???
42.3%
The Ages of Love
???
37.8%
Quiz Playlist
Details
Report
Send in Message
Add To Playlist
More Info:
'D' for De Niro, 'P' for Pacino, 'B' for Both
Classic:
Type in answers that appear in a list
Forced Order:
Answers have to be entered in order
Wrong Answers:
Some wrong answers will appear in red
Random Order:
Randomize order of answers
Last Updated: Feb 16, 2017
Quiz Scoreboard
CHALLENGE
Sign Up to Join the Scoreboard
Show All
Scores
Hide
Comments
May contain spoilers
Recently Published
5x2 Blitz: Bands
by SL_Kpop136
Music
30s
Colored Red Africa Blitz
by spor1
Geography
30s
Find the 'City' Movie
by crazypaving
Movies
60s
More to Explore
Quiz From the Vault
Featured Blog Post
14 Easter Pick-up Lines to Find Eggs With
hide this ad
You Might Also Like...
Tags
Movie Titles Quiz
Al
Gangster
Gangster Movie
pacino
Robert
Robert De Niro
Today's Top Quizzes in Movies
Browse Movies
hide this ad
Today's Top Quizzes in Movie Titles
Browse Movie Titles
Top Contributed Quizzes in Movies
1
Find The 'Big' Movie
2
Find The 'Wild' Movie
3
Find The 'Blue' Movie
4
Movies By Plot
5
Hidden Star Wars Character II
6
Hidden Star Wars Character III
7
Pick 5 Posters: Directed by Spielberg
8
Hidden Star Wars Character IV
9
Alfred Hitchcock Movies by Plot
10
Hidden Star Wars Character V
Explore More
Trending Topics
Disney
Anime
Harry Potter
Crossword
Kpop
NBA
Marvel
NFL
Soccer
Pokémon
Song
The Office
Puzzle
Country
WWE
hide this ad
More By:
JaredThater
Quiz
Plays
Rating
Category
Featured
Created
Lyrics to 'Somebody that I used to know' by Gotye
9,432
4.36
Music
Mar 10, 2012
EDM Artists
2,631
4.00
Music
Jul 24, 2012
'8 Mile' Final Rap Battle Words
2,171
2.86
Movies
Feb 19, 2012
Lyrics to the song 'Sail' by AWOLNATION
823
4.70
Music
Jun 12, 2012
'Dead Poets' Society' Movie Characters
739
2.50
Movies
Mar 11, 2012
Go to Creator's Profile
Score Distribution
Quiz Creator Spotlight
JaredThater
Follow
Send a Message
Quizzes Created
-
Created Quiz Play Count
-
More By This Creator
Popular Quizzes Today
1
Colored Red Africa Blitz
2
Find the 'City' Movie
3
Find the US States - No Outlines Minefield
4
5x2 Blitz: Bands
5
The Countries of the World
6
Find the US States
7
US States
8
9x9 Crossword: Cartoon Network
More Movies Quizzes
ANY Actor From EVERY Best Picture Winner
Curator's Pick
Trending Quizzes
Colored Red Europe Blitz I
Colored Red Europe Blitz II
Colored Red Africa Blitz II
Colored Red Europe Blitz III
Colored Red Africa Blitz III
Recently Updated
How Do You Spell That?
pecheneg
Godzilla Movies
pecheneg
Grab Bag: 4-10 Letters
pecheneg
2024 March Madness Bracket
pecheneg
Famous TV Couples
Peacemaker
Champions League XIs: Real Madrid
pecheneg
Largest US Cities 1790-2010
pecheneg
Rides in Walt Disney World
pecheneg
Most Oscar Losses (Acting)
pecheneg
Beyoncé Albums
pecheneg
Trending Topics
Marvel
Harry Potter
Crossword
Kpop
Anime
Disney
NBA
Country
Song
NFL
Soccer
The Office
WWE
Pokémon
Puzzle
Your Account Isn't Verified!
In order to create a playlist on Sporcle, you need to verify the email address you used during registration. Go to your
Sporcle Settings
to finish the process.
Report this User
Report this user for behavior that violates our
Community Guidelines
.
Details:
Send Report
Go to the Sporcle.com Mobile Site →
Comments